Maiores campeões nacionais por país - CONMEBOL - Statistics

Estatísticas Gerais
  • Esse quiz foi jogado 94 vezes
  • A pontuação média é 9 de 10
Estatísticas das Respostas
Nº de títulos País Cidade Clube % Correto
36 Argentina Buenos Aires River Plate
99%
10 Brasil São Paulo Palmeiras
98%
32 Chile Santiago Colo-Colo
95%
50 Uruguai Montevidéu Peñarol
95%
15 Equador Guayaquil Barcelona
92%
43 Paraguai Assunção Olimpia
92%
16 Colômbia Medellín Atlético Nacional
82%
29 Bolívia La Paz Bolívar
80%
12 Venezuela Caracas Caracas
76%
26 Peru Lima Universitario
62%
Nenhum quiz correspondente encontrado
Distribuição das Pontuações
Porcentagem de Pessoas com Cada Pontuação
Percentil de Números Respondidos
Sua Pontuação Histórica
Você não jogou esse quiz